|
|
|
|
| LEADER |
00000nam0a2200000 4500 |
| 001 |
363729 |
| 005 |
20231102011622.0 |
| 035 |
|
|
|a (RuTPU)RU\TPU\retro\21076
|
| 090 |
|
|
|a 363729
|
| 100 |
|
|
|a 20211008d1980 km y0rusy50 ca
|
| 101 |
0 |
|
|a rus
|
| 102 |
|
|
|a RU
|
| 105 |
|
|
|a a z 001zy
|
| 200 |
1 |
|
|a Радиоизмерения (радиоизмерительные приборы и их поверка)
|f А. Н. Пашков, Н. В. Авениров, А. В. Киселев, В. И. Акимов
|
| 210 |
|
|
|a Москва
|c Воениздат
|d 1980
|
| 215 |
|
|
|a 240 с.
|c ил.
|
| 320 |
|
|
|a Библиогр.: с. 237
|
| 606 |
1 |
|
|a Радиоизмерения
|2 stltpush
|3 (RuTPU)RU\TPU\subj\22688
|9 47404
|
| 610 |
1 |
|
|a радиотехнические средства
|
| 610 |
1 |
|
|a радиотехнические измерения
|
| 610 |
1 |
|
|a радиоизмерительные приборы
|
| 610 |
1 |
|
|a поверка
|
| 610 |
1 |
|
|a напряжение
|
| 610 |
1 |
|
|a мощность
|
| 610 |
1 |
|
|a электрические поля
|
| 610 |
1 |
|
|a магнитные поля
|
| 610 |
1 |
|
|a частота
|
| 610 |
1 |
|
|a временные интервалы
|
| 610 |
1 |
|
|a фазосдвигающие устройства
|
| 675 |
|
|
|a 621.396.08
|v 4
|
| 701 |
|
1 |
|a Пашков
|b А. Н.
|g Александр Николаевич
|
| 701 |
|
1 |
|a Авениров
|b Н. В.
|g Николай Васильевич
|
| 701 |
|
1 |
|a Киселев
|b А. В.
|g Александр Васильевич
|
| 701 |
|
1 |
|a Акимов
|b В. И.
|g Валентин Иванович
|
| 801 |
|
1 |
|a RU
|b 63413507
|c 20211008
|
| 942 |
|
|
|c BK
|